[Event "Roskilde Domkirketurnering Mester 1994"]
[Site "Roskilde"]
[Date "1994.10.27"]
[Round "1"]
[White "Brinck Claussen, Bjorn"]
[Black "Asmund, Gert"]
[Result "1-0"]
[WhiteElo "2320"]
[BlackElo "2038"]
[PlyCount "77"]
[EventDate "1994.??.??"]

1. e4 c6 2. d4 d5 3. exd5 cxd5 4. c4 Nf6 5. Nc3 Nc6 6. Nf3 Bg4 7. cxd5 Nxd5 8.
Qb3 Bxf3 9. gxf3 e6 10. Qxb7 Qc8 11. Qxc8+ Rxc8 12. Nxd5 exd5 13. Bb5 Bb4+ 14.
Ke2 O-O 15. Be3 f5 16. Rac1 Ne7 17. Rxc8 Rxc8 18. Ba4 Bd6 19. Kd3 Kf8 20. h3
Rb8 21. b3 Rc8 22. Bd2 g6 23. Re1 Kf7 24. Rc1 Rxc1 25. Bxc1 Ke6 26. Bd2 f4 27.
b4 Kf5 28. Bd7+ Kg5 29. a4 Kh4 30. b5 Nf5 31. Bxf5 gxf5 32. Ke2 Kxh3 33. Kf1 h5
34. Ba5 Be7 35. Bc7 Bg5 36. a5 Kh2 37. b6 axb6 38. axb6 h4 39. b7 1-0

[Event "Roskilde Domkirketurnering Mester 1994"]
[Site "Roskilde"]
[Date "1994.10.27"]
[Round "1"]
[White "Lynge, Michael"]
[Black "Pedersen, Jan Nordenbaek"]
[Result "1-0"]
[WhiteElo "2104"]
[BlackElo "2221"]
[PlyCount "97"]
[EventDate "1994.??.??"]

1. d4 Nf6 2. c4 g6 3. Nc3 Bg7 4. e4 d6 5. f4 O-O 6. Nf3 c5 7. d5 e6 8. Be2 exd5
9. cxd5 b5 10. e5 dxe5 11. fxe5 Ng4 12. Bf4 Nd7 13. e6 fxe6 14. dxe6 Rxf4 15.
Qd5 Kh8 16. Qxa8 Nb6 17. Qxa7 Ne3 18. e7 Nc2+ 19. Kf1 Qe8 20. Qxb6 Ne3+ 21. Kf2
Qxe7 22. Rad1 Bd4 23. Rxd4 cxd4 24. Nd1 Ng4+ 25. Kf1 Bb7 26. Qxb5 Ne5 27. Nf2
Bxf3 28. gxf3 Qc7 29. Kg2 Rf5 30. Qe8+ Kg7 31. Re1 Qa5 32. Kf1 Qd2 33. Qe7+ Kg8
34. Ne4 Qf4 35. Nf2 Qxh2 36. Bc4+ Nxc4 37. Qe6+ Kg7 38. Qxc4 Rxf3 39. Qxd4+ Kh6
40. Qd2+ Kh5 41. Rc1 Qh1+ 42. Ke2 Rxf2+ 43. Kxf2 Qh2+ 44. Ke3 Qg3+ 45. Ke2 Qg4+
46. Kd3 Qf5+ 47. Kc3 Qc5+ 48. Kb3 Qb5+ 49. Kc2 1-0

[Event "Roskilde Domkirketurnering Mester 1994"]
[Site "Roskilde"]
[Date "1994.10.27"]
[Round "1"]
[White "Molvig, Henrik"]
[Black "Hove, Esben Kjems"]
[Result "1-0"]
[WhiteElo "2242"]
[BlackElo "2312"]
[PlyCount "85"]
[EventDate "1994.??.??"]

1. e4 c6 2. d4 d5 3. e5 Bf5 4. Nf3 e6 5. Be2 h6 6. O-O Nd7 7. Nbd2 c5 8. c4 Ne7
9. dxc5 Nxc5 10. Nb3 Nd7 11. Nbd4 dxc4 12. Nxf5 Nxf5 13. Bxc4 a6 14. Bf4 g5 15.
g4 Ne7 16. Bg3 Nc6 17. Qe2 Be7 18. Rfd1 Qb6 19. a3 O-O-O 20. b4 a5 21. Bb5 Ndb8
22. Rdc1 axb4 23. a4 Rd5 24. Nd2 Rhd8 25. Nb3 Nd7 26. Bc4 Nc5 27. a5 Qa7 28.
Bxd5 Rxd5 29. Nxc5 Rxc5 30. a6 Rxc1+ 31. Rxc1 Qxa6 32. Qxa6 bxa6 33. Rxc6+ Kb7
34. Rc1 a5 35. f4 a4 36. Be1 Kb6 37. fxg5 hxg5 38. Kf2 Kb5 39. Ke2 b3 40. Bc3
a3 41. Kd3 Ka4 42. Kc4 a2 43. Rd1 1-0

[Event "Roskilde Domkirketurnering Mester 1994"]
[Site "Roskilde"]
[Date "1994.10.27"]
[Round "1"]
[White "Nielsen, Jorgen Lovgren"]
[Black "Petersen, Peter Birk"]
[Result "0-1"]
[WhiteElo "2081"]
[BlackElo "2237"]
[PlyCount "90"]
[EventDate "1994.??.??"]

1. e4 c5 2. Nf3 e6 3. d4 cxd4 4. Nxd4 Nc6 5. Nc3 Qc7 6. g3 a6 7. Bg2 Be7 8. O-O
Nf6 9. Nb3 O-O 10. Bf4 d6 11. Qe2 Ne5 12. Nd2 b5 13. a3 Bb7 14. Bxe5 dxe5 15.
Rfd1 Rfd8 16. Nf1 Rd4 17. Rd3 Rad8 18. Rad1 Qb6 19. Kh1 Nd7 20. f3 Nc5 21. R3d2
b4 22. Nb1 bxa3 23. bxa3 Na4 24. Qe3 Nb2 25. Re1 Nc4 26. Rxd4 exd4 27. Qd3 Qa5
28. Qxc4 Qxe1 29. Qc7 Qxb1 30. Qxe7 Rf8 31. Qd7 Qb6 32. h4 Bc8 33. Qa4 e5 34.
Nd2 Be6 35. Bf1 h5 36. Bd3 Ra8 37. Kg2 Qb2 38. Qc6 Rc8 39. Qxa6 Rc3 40. a4 Qc1
41. Nf1 Kh7 42. Qa5 f6 43. Qb5 Rxc2+ 44. Bxc2 Qxc2+ 45. Kg1 Bh3 0-1

[Event "Roskilde Domkirketurnering Mester 1994"]
[Site "Roskilde"]
[Date "1994.10.27"]
[Round "1"]
[White "Pedersen, Hans Dahl"]
[Black "Larsen, Allan Oksenbol"]
[Result "1-0"]
[WhiteElo "2187"]
[BlackElo "1934"]
[PlyCount "93"]
[EventDate "1994.??.??"]

1. Nf3 Nf6 2. g3 d6 3. d4 g6 4. Bg2 Bg7 5. O-O O-O 6. c4 c6 7. Nc3 Nbd7 8. Qc2
Re8 9. e4 e5 10. d5 c5 11. h3 Rf8 12. Bg5 a6 13. a3 Qc7 14. Qe2 h6 15. Be3 Ne8
16. Nh4 Qd8 17. Qe1 Qb6 18. Qd1 Qd8 19. b3 Ndf6 20. Rc1 Nh5 21. Kh2 Nf4 22.
gxf4 exf4 23. Bxf4 Qxh4 24. Bg3 Qd8 25. Qf3 Qa5 26. a4 Qb4 27. Ne2 b5 28. Qe3
Ra7 29. f4 bxa4 30. bxa4 Qxa4 31. e5 Re7 32. Qf2 Qa5 33. Nc3 Qc7 34. Ne4 Bf5
35. exd6 Nxd6 36. Nxc5 Rfe8 37. Nxa6 Qa5 38. Nc5 Re2 39. Qg1 Qa2 40. Rf2 Qa3
41. Ne6 fxe6 42. Rxe2 Qd3 43. Qe3 Nxc4 44. Qxd3 Bxd3 45. Rxe6 Rxe6 46. dxe6 Kf8
47. Bh4 1-0

[Event "Roskilde Domkirketurnering Mester 1994"]
[Site "Roskilde"]
[Date "1994.10.27"]
[Round "1"]
[White "Toth, Laszlo"]
[Black "Larsen, Steen Skovlund"]
[Result "0-1"]
[WhiteElo "2265"]
[BlackElo "2317"]
[PlyCount "48"]
[EventDate "1994.??.??"]

1. e4 c5 2. Nf3 Nc6 3. c3 d5 4. exd5 Qxd5 5. d4 Nf6 6. Be2 cxd4 7. cxd4 e6 8.
O-O Be7 9. Nc3 Qd6 10. Nb5 Qd8 11. Ne5 Nb4 12. Kh1 O-O 13. f4 Bd7 14. Be3 Nfd5
15. Bg1 Bf6 16. a3 Nc6 17. Nc3 Nce7 18. Ne4 Rc8 19. Bd3 Nf5 20. Qh5 g6 21. Qh3
Bc6 22. Rac1 Bg7 23. Ng5 h6 24. Ngf3 Nxf4 0-1

[Event "Roskilde Domkirketurnering Mester 1994"]
[Site "Roskilde"]
[Date "1994.11.03"]
[Round "2"]
[White "Hove, Esben Kjems"]
[Black "Asmund, Gert"]
[Result "1-0"]
[WhiteElo "2312"]
[BlackElo "2038"]
[PlyCount "51"]
[EventDate "1994.??.??"]

1. d4 Nf6 2. c4 e6 3. Nc3 Bb4 4. Bd2 c5 5. d5 exd5 6. cxd5 d6 7. a3 Ba5 8. b4
cxb4 9. axb4 Bb6 10. Nf3 Bf5 11. e3 Nbd7 12. Be2 O-O 13. O-O Qe7 14. Qb3 Rfc8
15. Rfd1 a5 16. bxa5 Bxa5 17. Nd4 Bxc3 18. Nxf5 Qe5 19. Bxc3 Qxf5 20. Rxa8 Rxa8
21. Qxb7 Rb8 22. Qc6 Qc2 23. Bd2 Qxc6 24. dxc6 Ne5 25. c7 Rc8 26. Ba5 1-0

[Event "Roskilde Domkirketurnering Mester 1994"]
[Site "Roskilde"]
[Date "1994.11.03"]
[Round "2"]
[White "Larsen, Steen Skovlund"]
[Black "Petersen, Peter Birk"]
[Result "1/2-1/2"]
[WhiteElo "2317"]
[BlackElo "2237"]
[PlyCount "23"]
[EventDate "1994.??.??"]

1. e4 c5 2. Nc3 Nc6 3. g3 g6 4. Bg2 Bg7 5. d3 d6 6. Nh3 Nf6 7. O-O Nd4 8. Nd5
Nxd5 9. exd5 O-O 10. Nf4 Rb8 11. a4 b6 12. c3 1/2-1/2

[Event "Roskilde Domkirketurnering Mester 1994"]
[Site "Roskilde"]
[Date "1994.11.03"]
[Round "2"]
[White "Lynge, Michael"]
[Black "Pedersen, Hans Dahl"]
[Result "1/2-1/2"]
[WhiteElo "2104"]
[BlackElo "2187"]
[PlyCount "32"]
[EventDate "1994.??.??"]

1. d4 d5 2. c4 e6 3. Nc3 Nf6 4. cxd5 exd5 5. Bg5 Be7 6. Qc2 Be6 7. e3 h6 8. Bh4
O-O 9. Bd3 c5 10. dxc5 Qa5 11. Nf3 Qxc5 12. Bf5 d4 13. Bxe6 dxc3 14. Bb3 cxb2
15. Qxb2 Ng4 16. Rc1 Qa5+ 1/2-1/2

[Event "Roskilde Domkirketurnering Mester 1994"]
[Site "Roskilde"]
[Date "1994.11.03"]
[Round "2"]
[White "Pedersen, Jan Nordenbaek"]
[Black "Larsen, Allan Oksenbol"]
[Result "1-0"]
[WhiteElo "2221"]
[BlackElo "1934"]
[PlyCount "61"]
[EventDate "1994.??.??"]

1. e4 e5 2. Nf3 Nc6 3. Nc3 Nf6 4. Bb5 Nd4 5. Ba4 Bc5 6. Nxe5 O-O 7. Nd3 Bb6 8.
e5 c6 9. O-O Nd5 10. Nxd5 cxd5 11. Nb4 d6 12. c3 Ne6 13. Nxd5 dxe5 14. Nxb6
Qxb6 15. d3 Rd8 16. Qe2 Qa5 17. Bc2 b6 18. b4 Qd5 19. Qe4 Qxe4 20. dxe4 Ba6 21.
Rd1 Rxd1+ 22. Bxd1 Rc8 23. Bd2 Rd8 24. Be3 Bb7 25. Bc2 Rc8 26. Bd2 Nd4 27. Bd3
Ne6 28. Rd1 Rd8 29. Bc2 Ba6 30. Be1 Rc8 31. Bb3 1-0

[Event "Roskilde Domkirketurnering Mester 1994"]
[Site "Roskilde"]
[Date "1994.11.03"]
[Round "2"]
[White "Toth, Laszlo"]
[Black "Nielsen, Jorgen Lovgren"]
[Result "0-1"]
[WhiteElo "2265"]
[BlackElo "2081"]
[PlyCount "80"]
[EventDate "1994.??.??"]

1. e4 e5 2. f4 Bc5 3. Nf3 d6 4. Nc3 Nf6 5. Bc4 Nc6 6. f5 Na5 7. d3 Nxc4 8. dxc4
h6 9. Qe2 c6 10. Be3 Bb4 11. Bd2 Ba5 12. O-O-O Qe7 13. Be1 Bc7 14. Bh4 g6 15.
fxg6 fxg6 16. Qd2 Bg4 17. Rdf1 Bxf3 18. Rxf3 g5 19. Rhf1 Rf8 20. Bxg5 hxg5 21.
Qxg5 Bd8 22. h4 Qe6 23. h5 Be7 24. h6 Kd7 25. Qg7 Rg8 26. Rxf6 Rxg7 27. Rxe6
Rxg2 28. Rff6 Bxf6 29. Rxf6 Ke7 30. Rf1 Rh8 31. Rh1 Rg6 32. Kd2 Rhxh6 33. Rxh6
Rxh6 34. Kd3 Rh3+ 35. Kd2 Kf6 36. b4 Kg5 37. a4 Kf4 38. b5 Rh2+ 39. Kc1 Ke3 40.
a5 Kd4 0-1

[Event "Roskilde Domkirketurnering Mester 1994"]
[Site "Roskilde"]
[Date "1994.11.10"]
[Round "3"]
[White "Asmund, Gert"]
[Black "Larsen, Allan Oksenbol"]
[Result "1-0"]
[WhiteElo "2038"]
[BlackElo "1934"]
[PlyCount "69"]
[EventDate "1994.??.??"]

1. e4 e5 2. Nf3 Nc6 3. Bb5 a6 4. Ba4 Nf6 5. O-O b5 6. Bb3 Be7 7. Re1 O-O 8. a4
b4 9. c3 d5 10. exd5 Nxd5 11. d4 bxc3 12. dxe5 cxb2 13. Bxb2 Nf4 14. Ba3 Rb8
15. Ba2 Qxd1 16. Rxd1 Bxa3 17. Nxa3 Bg4 18. Nc4 Bxf3 19. gxf3 Nd4 20. Nd2 Rb2
21. Kh1 c5 22. Bc4 a5 23. Rab1 Rfb8 24. Bb5 Rxb1 25. Rxb1 Rd8 26. Nc4 Nxf3 27.
Nxa5 Nxe5 28. Nc6 Nxc6 29. Bxc6 g6 30. a5 c4 31. a6 c3 32. Be4 f5 33. a7 c2 34.
Bxc2 Kg7 35. Rb8 1-0

[Event "Roskilde Domkirketurnering Mester 1994"]
[Site "Roskilde"]
[Date "1994.11.10"]
[Round "3"]
[White "Hove, Esben Kjems"]
[Black "Toth, Laszlo"]
[Result "1-0"]
[WhiteElo "2312"]
[BlackElo "2265"]
[PlyCount "57"]
[EventDate "1994.??.??"]

1. d4 Nf6 2. c4 c5 3. d5 e6 4. Nc3 exd5 5. cxd5 d6 6. e4 g6 7. Bd3 Bg7 8. Nf3
O-O 9. O-O a6 10. a4 Bg4 11. h3 Bxf3 12. Qxf3 Nbd7 13. Qd1 Qe7 14. Re1 Rfc8 15.
a5 c4 16. Bf1 b5 17. axb6 Nxb6 18. Bg5 Qb7 19. Bf4 Ne8 20. g3 Nd7 21. Qc2 Ne5
22. Re3 Rab8 23. Nd1 Nd7 24. Ra2 Nb6 25. Rea3 Ra8 26. b3 Bd4 27. bxc4 Nxc4 28.
Bxc4 Qb4 29. Ra4 1-0

[Event "Roskilde Domkirketurnering Mester 1994"]
[Site "Roskilde"]
[Date "1994.11.10"]
[Round "3"]
[White "Larsen, Steen Skovlund"]
[Black "Lynge, Michael"]
[Result "1-0"]
[WhiteElo "2317"]
[BlackElo "2104"]
[PlyCount "73"]
[EventDate "1994.??.??"]

1. d4 Nf6 2. c4 c5 3. d5 b5 4. Nf3 d6 5. cxb5 a6 6. e3 g6 7. Nc3 Bg7 8. a4 O-O
9. Ra3 Bb7 10. Bc4 Nbd7 11. O-O Ne8 12. e4 axb5 13. Bxb5 Nc7 14. Bc4 Nb6 15.
Bb3 Ba6 16. Re1 Bc4 17. a5 Bxb3 18. Qxb3 Nd7 19. Nd1 Rb8 20. Qc2 Nb5 21. Ra2
Ra8 22. Bd2 Ne5 23. Nxe5 Bxe5 24. Ne3 Nd4 25. Qd3 f5 26. exf5 Nxf5 27. Nc4 Bd4
28. Bc3 Ra7 29. b4 Bxc3 30. Qxc3 cxb4 31. Qxb4 Qc7 32. Nb6 Nh6 33. h3 Nf7 34.
f4 Nd8 35. Qd4 Rf7 36. a6 Rf8 37. Nc8 1-0

[Event "Roskilde Domkirketurnering Mester 1994"]
[Site "Roskilde"]
[Date "1994.11.10"]
[Round "3"]
[White "Nielsen, Jorgen Lovgren"]
[Black "Brinck Claussen, Bjorn"]
[Result "0-1"]
[WhiteElo "2081"]
[BlackElo "2320"]
[PlyCount "64"]
[EventDate "1994.??.??"]

1. e4 e6 2. d4 d5 3. Nd2 a6 4. Ngf3 c5 5. exd5 exd5 6. c3 Nc6 7. dxc5 Bxc5 8.
Nb3 Bb6 9. Be2 Nge7 10. O-O O-O 11. Nbd4 Qd6 12. Be3 Bc7 13. g3 Ng6 14. c4 Bh3
15. Re1 Ba5 16. Bd2 Nxd4 17. Nxd4 Bxd2 18. Qxd2 dxc4 19. Bxc4 Ne5 20. Be2 Rad8
21. Red1 Qd5 22. f3 Nc6 23. Nb3 Qe5 24. Bd3 Bf5 25. Nc1 Rd4 26. a4 Rfd8 27. Ra3
Qd6 28. Kf2 Ne5 29. Ke2 Bxd3+ 30. Nxd3 Nc4 31. Qc3 Qe6+ 32. Kf2 Qe3+ 0-1

[Event "Roskilde Domkirketurnering Mester 1994"]
[Site "Roskilde"]
[Date "1994.11.10"]
[Round "3"]
[White "Pedersen, Jan Nordenbaek"]
[Black "Molvig, Henrik"]
[Result "1/2-1/2"]
[WhiteElo "2221"]
[BlackElo "2242"]
[PlyCount "90"]
[EventDate "1994.??.??"]

1. d4 Nf6 2. c4 e6 3. Nf3 d5 4. g3 Be7 5. Bg2 O-O 6. O-O c5 7. cxd5 exd5 8. Nc3
Nc6 9. Bg5 h6 10. Be3 c4 11. Qc2 Be6 12. Rad1 Rc8 13. Ne5 Qb6 14. Nxc4 Qc7 15.
Bf4 Qd8 16. Ne5 b5 17. Nxc6 Rxc6 18. Qd3 b4 19. Na4 Qd7 20. Qb3 Rfc8 21. Nc5
Bxc5 22. dxc5 Rxc5 23. Qxb4 Rc4 24. Qb3 Bf5 25. Rd2 Bc2 26. Qa3 Ra4 27. Qd6
Qxd6 28. Bxd6 Rxa2 29. Ba3 Bb3 30. f3 Rc7 31. Bh3 g6 32. Kf2 Nd7 33. Bxd7 Rxd7
34. Rc1 Kg7 35. Rc3 Rb7 36. Rc1 a5 37. g4 a4 38. h4 Kh7 39. h5 Kg7 40. Rc8 Ra1
41. Bf8+ Kh7 42. hxg6+ Kxg6 43. Rc6+ f6 44. Bc5 Rc1 45. Rb6 Rxb6 1/2-1/2

[Event "Roskilde Domkirketurnering Mester 1994"]
[Site "Roskilde"]
[Date "1994.11.10"]
[Round "3"]
[White "Petersen, Peter Birk"]
[Black "Pedersen, Hans Dahl"]
[Result "1/2-1/2"]
[WhiteElo "2237"]
[BlackElo "2187"]
[PlyCount "85"]
[EventDate "1994.??.??"]

1. e4 c6 2. d3 d5 3. Nd2 Nf6 4. Ngf3 Bg4 5. Be2 e6 6. h3 Bxf3 7. Bxf3 Nbd7 8.
d4 dxe4 9. Nxe4 Nxe4 10. Bxe4 Nf6 11. Bf3 Bd6 12. O-O Qc7 13. c4 O-O 14. Bg5
Bf4 15. Bxf6 gxf6 16. Qb3 Rad8 17. Rad1 f5 18. g3 Bd6 19. Qc3 Qe7 20. a3 Qf6
21. Rd3 Kh8 22. b4 Rb8 23. a4 Rg8 24. c5 Bc7 25. b5 cxb5 26. axb5 b6 27. Bc6
Rg7 28. Kg2 Rbg8 29. d5 Qxc3 30. Rxc3 bxc5 31. Rxc5 e5 32. Bd7 Bb6 33. Rc6 f4
34. g4 Rd8 35. Rc8 Rxc8 36. Bxc8 Rg8 37. Bf5 Rd8 38. Rd1 Bd4 39. Be4 Kg7 40.
Rc1 Rd6 41. Rc8 Rb6 42. h4 a6 43. bxa6 1/2-1/2

[Event "Roskilde Domkirketurnering Mester 1994"]
[Site "Roskilde"]
[Date "1994.11.17"]
[Round "4"]
[White "Asmund, Gert"]
[Black "Pedersen, Jan Nordenbaek"]
[Result "1-0"]
[WhiteElo "2038"]
[BlackElo "2221"]
[PlyCount "47"]
[EventDate "1994.??.??"]

1. e4 c5 2. Nf3 Nc6 3. d4 cxd4 4. Nxd4 Nf6 5. Nc3 e5 6. Nb3 Bb4 7. Bc4 Nxe4 8.
Bxf7+ Kxf7 9. Qd5+ Ke8 10. Qxe4 d5 11. Qe2 a5 12. O-O a4 13. Nd2 Bf5 14. Nf3 e4
15. Rd1 Ra5 16. Bf4 a3 17. Nb5 Rxb5 18. Qxb5 axb2 19. Rab1 exf3 20. Rxd5 Bd7
21. Rxb2 Qe7 22. Rb1 Be6 23. Bg5 Qc7 24. Rd8+ 1-0

[Event "Roskilde Domkirketurnering Mester 1994"]
[Site "Roskilde"]
[Date "1994.11.17"]
[Round "4"]
[White "Brinck Claussen, Bjorn"]
[Black "Larsen, Steen Skovlund"]
[Result "1/2-1/2"]
[WhiteElo "2320"]
[BlackElo "2317"]
[PlyCount "26"]
[EventDate "1994.??.??"]

1. e4 c5 2. Nf3 Nc6 3. d4 cxd4 4. Nxd4 Nf6 5. Nc3 d6 6. Bc4 e6 7. Be3 a6 8. Qe2
Bd7 9. O-O-O Na5 10. Bd3 Rc8 11. f4 Rxc3 12. bxc3 Qc7 13. Kd2 d5 1/2-1/2

[Event "Roskilde Domkirketurnering Mester 1994"]
[Site "Roskilde"]
[Date "1994.11.17"]
[Round "4"]
[White "Larsen, Allan Oksenbol"]
[Black "Toth, Laszlo"]
[Result "1-0"]
[WhiteElo "1934"]
[BlackElo "2265"]
[PlyCount "88"]
[EventDate "1994.??.??"]

1. e4 e6 2. d4 d5 3. Nd2 Nf6 4. e5 Nfd7 5. Bd3 c5 6. c3 Nc6 7. Ne2 f6 8. Nf4
Qe7 9. exf6 Qxf6 10. Nf3 cxd4 11. O-O dxc3 12. Nh5 Qd8 13. bxc3 Be7 14. Nxg7+
Kf7 15. Nd4 Nxd4 16. Qh5+ Kxg7 17. Bh6+ Kg8 18. Qg4+ Bg5 19. cxd4 Kf7 20. Qh5+
Kg8 21. Bxg5 Nf6 22. Qh4 Kf7 23. Rac1 Bd7 24. Bxf6 Qxf6 25. Qh5+ Kf8 26. Rc7
Rd8 27. Rxb7 Qxd4 28. Qg5 Ke8 29. Bb5 h6 30. Qg6+ Ke7 31. Re1 Qf6 32. Qxf6+
Kxf6 33. Bxd7 Rh7 34. Rxe6+ Kg5 35. Bc6 Rxb7 36. Bxb7 Rb8 37. Ba6 Rb1+ 38. Bf1
d4 39. g3 d3 40. Rd6 Rb2 41. a4 a5 42. Kg2 d2 43. Be2 h5 44. Rd5+ Kg6 1-0

[Event "Roskilde Domkirketurnering Mester 1994"]
[Site "Roskilde"]
[Date "1994.11.17"]
[Round "4"]
[White "Nielsen, Jorgen Lovgren"]
[Black "Lynge, Michael"]
[Result "1/2-1/2"]
[WhiteElo "2081"]
[BlackElo "2104"]
[PlyCount "71"]
[EventDate "1994.??.??"]

1. e4 e6 2. d4 d5 3. Nd2 Nf6 4. e5 Nfd7 5. Bd3 c5 6. c3 Nc6 7. Ne2 Qb6 8. Nf3
cxd4 9. cxd4 f6 10. exf6 Nxf6 11. O-O Bd6 12. Nc3 O-O 13. Re1 Bd7 14. Bc2 Rae8
15. Bg5 Re7 16. Na4 Qc7 17. Rc1 Bf4 18. Bxf4 Qxf4 19. Nc5 Qh6 20. Nxb7 Be8 21.
Nc5 Bh5 22. Nb3 Bxf3 23. Qxf3 Ne4 24. Qe3 Ng5 25. Bxh7+ Kxh7 26. Rxc6 Ref7 27.
Re2 Rf3 28. Qc1 Rh3 29. Rexe6 Nxe6 30. gxh3 Qg6+ 31. Kf1 Rf6 32. Qc2 Rf5 33.
Qe2 Rf6 34. Qc2 Rf5 35. Qe2 Rf6 36. Qc2 1/2-1/2

[Event "Roskilde Domkirketurnering Mester 1994"]
[Site "Roskilde"]
[Date "1994.11.17"]
[Round "4"]
[White "Pedersen, Hans Dahl"]
[Black "Hove, Esben Kjems"]
[Result "1/2-1/2"]
[WhiteElo "2187"]
[BlackElo "2312"]
[PlyCount "111"]
[EventDate "1994.??.??"]

1. d4 Nf6 2. g3 d5 3. Bg2 c6 4. Nd2 Bf5 5. Ngf3 Nbd7 6. c4 e6 7. b3 Ne4 8. Nxe4
Bxe4 9. O-O Bb4 10. Bd2 Ba3 11. Bc1 Qa5 12. Bxa3 Qxa3 13. Qc1 Qxc1 14. Rfxc1
O-O-O 15. cxd5 exd5 16. Ng5 Bxg2 17. Kxg2 Rdf8 18. h4 h6 19. Nf3 Re8 20. e3 Kc7
21. Ne1 Kd6 22. Nd3 b6 23. Rc2 a5 24. Rac1 Rc8 25. Kf3 Rc7 26. Ne5 Nxe5+ 27.
dxe5+ Kd7 28. e4 d4 29. Ke2 c5 30. Kd3 Re8 31. f4 f6 32. exf6 gxf6 33. g4 Kc6
34. Rg2 Rg7 35. Rcg1 Reg8 36. g5 fxg5 37. hxg5 Rg6 38. a4 Kd6 39. Kc4 Ke7 40.
Rg3 Kf7 41. Kb5 hxg5 42. f5 Rd6 43. Rxg5 Rxg5 44. Rxg5 d3 45. Rg1 Kf6 46. Kc4
Ke5 47. Rd1 Kxe4 48. f6 Rxf6 49. Re1+ Kf5 50. Kxd3 Rd6+ 51. Kc3 Rd4 52. Re8 Rb4
53. Re1 Rd4 54. Re8 Kf6 55. Re2 Rd6 56. Kc4 1/2-1/2

[Event "Roskilde Domkirketurnering Mester 1994"]
[Site "Roskilde"]
[Date "1994.11.17"]
[Round "4"]
[White "Petersen, Peter Birk"]
[Black "Molvig, Henrik"]
[Result "1/2-1/2"]
[WhiteElo "2237"]
[BlackElo "2242"]
[PlyCount "40"]
[EventDate "1994.??.??"]

1. e4 c5 2. Nf3 d6 3. d4 cxd4 4. Nxd4 Nf6 5. Nc3 a6 6. f4 Qc7 7. Bd3 g6 8. O-O
Bg7 9. Kh1 O-O 10. Nf3 Nbd7 11. Qe1 e6 12. Qh4 b5 13. f5 Bb7 14. Bh6 Rae8 15.
Bxg7 Kxg7 16. Rf2 e5 17. a3 Nb6 18. Raf1 Qe7 19. Nd2 Nbd7 20. Kg1 Nh5 1/2-1/2

[Event "Roskilde Domkirketurnering Mester 1994"]
[Site "Roskilde"]
[Date "1994.11.24"]
[Round "5"]
[White "Larsen, Allan Oksenbol"]
[Black "Nielsen, Jorgen Lovgren"]
[Result "0-1"]
[WhiteElo "1934"]
[BlackElo "2081"]
[PlyCount "60"]
[EventDate "1994.??.??"]

1. e4 e5 2. Nf3 Nc6 3. d4 exd4 4. Bc4 Nf6 5. O-O Nxe4 6. Re1 d5 7. Bxd5 Qxd5 8.
Nc3 Qh5 9. Nxe4 Be6 10. Ng3 Qd5 11. Bg5 h6 12. c4 Qxc4 13. Rc1 Qd5 14. Bf4 Bb4
15. Re4 O-O 16. Ne5 Nxe5 17. Rxe5 Qxa2 18. Qh5 Bd6 19. Rce1 Bxe5 20. Bxe5 Qa5
21. Re4 Qa1+ 22. Nf1 Bc4 23. h3 Qxf1+ 24. Kh2 f6 25. Bxd4 Rf7 26. Rh4 Rd8 27.
Be3 Qe2 28. Qg6 Qd3 29. Qg3 Kh7 30. Qf3 g5 0-1

[Event "Roskilde Domkirketurnering Mester 1994"]
[Site "Roskilde"]
[Date "1994.11.24"]
[Round "5"]
[White "Lynge, Michael"]
[Black "Molvig, Henrik"]
[Result "0-1"]
[WhiteElo "2104"]
[BlackElo "2242"]
[PlyCount "42"]
[EventDate "1994.??.??"]

1. d4 Nf6 2. c4 g6 3. Nc3 Bg7 4. e4 d6 5. f4 O-O 6. Nf3 c5 7. d5 e6 8. Be2 exd5
9. cxd5 Bg4 10. e5 Nfd7 11. O-O Bxf3 12. Bxf3 dxe5 13. fxe5 Nxe5 14. Bf4 Nbd7
15. d6 Qb6 16. Kh1 Qxb2 17. Rc1 Rab8 18. Re1 c4 19. Re2 Qa3 20. Be4 b5 21. Re3
Ng4 0-1

[Event "Roskilde Domkirketurnering Mester 1994"]
[Site "Roskilde"]
[Date "1994.11.24"]
[Round "5"]
[White "Pedersen, Hans Dahl"]
[Black "Larsen, Steen Skovlund"]
[Result "0-1"]
[WhiteElo "2187"]
[BlackElo "2317"]
[PlyCount "70"]
[EventDate "1994.??.??"]

1. Nf3 Nf6 2. g3 g6 3. b4 Bg7 4. Bb2 O-O 5. Bg2 d6 6. O-O e5 7. d3 a6 8. c4 h6
9. Nbd2 Be6 10. Qc2 Nc6 11. a3 Qd7 12. Rfd1 Bh3 13. Bh1 Ng4 14. e3 f5 15. d4 e4
16. d5 Nd8 17. Bxg7 Qxg7 18. Ne1 g5 19. Bg2 Bxg2 20. Nxg2 Qg6 21. f3 exf3 22.
Nxf3 Qh5 23. Rf1 Qh3 24. Ra2 Nf7 25. Qxf5 Nfe5 26. Qe6+ Kg7 27. Nf4 gxf4 28.
Nxe5 dxe5 29. exf4 Rf6 30. Qd7+ Rf7 31. Qe6 Raf8 32. Re2 Rf6 33. Qd7+ R8f7 34.
Qc8 exf4 35. Re8 Qxh2# 0-1

[Event "Roskilde Domkirketurnering Mester 1994"]
[Site "Roskilde"]
[Date "1994.11.24"]
[Round "5"]
[White "Pedersen, Jan Nordenbaek"]
[Black "Hove, Esben Kjems"]
[Result "1-0"]
[WhiteElo "2221"]
[BlackElo "2312"]
[PlyCount "73"]
[EventDate "1994.??.??"]

1. e4 e6 2. d4 d5 3. e5 b6 4. Bb5+ c6 5. Ba4 b5 6. Bb3 c5 7. dxc5 Nd7 8. Nc3
Bxc5 9. Nxd5 Bb7 10. Qg4 Kf8 11. Bg5 Qc8 12. Nf4 Nxe5 13. Qh3 Nc4 14. O-O-O Be7
15. Bxe7+ Nxe7 16. Nge2 e5 17. Bxc4 bxc4 18. Qa3 exf4 19. Rhe1 Qc7 20. Nd4 Rd8
21. Rxe7 Qxe7 22. Ne6+ fxe6 23. Rxd8+ Kf7 24. Rxh8 Bxg2 25. Qxe7+ Kxe7 26. Rc8
Bd5 27. Rc7+ Kf6 28. Rxa7 h5 29. Kd2 g5 30. a4 g4 31. a5 h4 32. Rh7 Kg5 33. a6
e5 34. Ke1 h3 35. a7 e4 36. Rh8 e3 37. a8=Q 1-0

[Event "Roskilde Domkirketurnering Mester 1994"]
[Site "Roskilde"]
[Date "1994.11.24"]
[Round "5"]
[White "Petersen, Peter Birk"]
[Black "Brinck Claussen, Bjorn"]
[Result "0-1"]
[WhiteElo "2237"]
[BlackElo "2320"]
[PlyCount "90"]
[EventDate "1994.??.??"]

1. e4 e6 2. d3 d5 3. Nd2 c5 4. g3 Nc6 5. Bg2 Nf6 6. Ngf3 Be7 7. O-O O-O 8. Re1
b5 9. e5 Nd7 10. Nf1 a5 11. h4 b4 12. Bf4 a4 13. N1h2 a3 14. b3 Ba6 15. Ng5 Qe8
16. Qg4 Nd4 17. Rac1 Kh8 18. Nhf3 Nxf3+ 19. Bxf3 Rc8 20. Kg2 Nb8 21. Qh5 h6 22.
Nh3 Kh7 23. Ng5+ Kg8 24. Qg4 Kh8 25. Nh3 Nc6 26. Qh5 Kh7 27. Ng5+ Kg8 28. Bg4
Nd4 29. Be3 Nxc2 30. Rxc2 Bxd3 31. Bd1 Bg6 32. Qg4 Bf5 33. Qh5 hxg5 34. hxg5 f6
35. Qh4 fxe5 36. Rh1 Be4+ 37. f3 Bg6 38. Kg1 d4 39. Rch2 dxe3 40. Qg4 Qd7 41.
Bc2 Bxc2 42. g6 Qd1+ 43. Kg2 Qd2+ 44. Kg1 Qe1+ 45. Kg2 Qf2+ 0-1

[Event "Roskilde Domkirketurnering Mester 1994"]
[Site "Roskilde"]
[Date "1994.11.24"]
[Round "5"]
[White "Toth, Laszlo"]
[Black "Asmund, Gert"]
[Result "1-0"]
[WhiteElo "2265"]
[BlackElo "2038"]
[PlyCount "87"]
[EventDate "1994.??.??"]

1. e4 e5 2. f4 exf4 3. Nc3 d6 4. Bc4 Nf6 5. d4 Bg4 6. Nf3 Nc6 7. O-O Qd7 8.
Bxf4 Be7 9. Bb5 a6 10. Ba4 b5 11. Bb3 O-O 12. a3 Rfe8 13. Qd2 Bh5 14. Rae1 Rad8
15. Qf2 Qg4 16. Nd5 Na5 17. h3 Qd7 18. e5 Nxd5 19. Bxd5 dxe5 20. Rxe5 Bg6 21.
Bg5 Bxg5 22. Rxg5 c6 23. Ba2 Nc4 24. Bxc4 bxc4 25. c3 Bd3 26. Ne5 Rxe5 27. Rxe5
Bxf1 28. Qxf1 Qb7 29. Qxc4 Qxb2 30. Qxc6 Qxa3 31. Re8+ Rxe8 32. Qxe8+ Qf8 33.
Qc6 a5 34. d5 Qd8 35. d6 Kf8 36. Qc5 f6 37. c4 Ke8 38. Qe3+ Kd7 39. c5 Kc6 40.
Qd4 Kb7 41. Qd5+ Ka7 42. Qe6 Kb8 43. d7 Qc7 44. Qb6+ 1-0